Serpents existants... ou pas - Statistiques

Statistiques générales
  • Ce quiz a été pris 95 fois
  • Le résultat moyen est 3 sur 15
Answers on the Grid
Answers color-coded by a green-red scale on the quiz's grid according to % correct below.
Couleuvre à collier
Tricot rayé
Serpent à cloche
Python tapis
serpent laitier
vipère à front pâle
serpent des souches
Serpent faux corail
couleuvre bigarrée
Serpent des termitière
Vipère fauve
Serpent des rats japonais
Serpent nez de cochon
Serpent roi noir du Mexique
Python marbré
Serpent des talus
Python malais
Serpent des dunes
Boa Arboricole d'Amazonie
Couleuvre des murets
Vipère à bande claire
Serpent Jarretière
Serpent des pinèdes
Serpent liseré
Serpent à tentacules
serpent à feuille
vipère velue
Vipère à cils
Couleuvre à masque sombre
Couleuvre à gorge rousse
 
Statistiques - réponses
Réponse % Correct
Couleuvre à collier
85%
Boa Arboricole d'Amazonie
26%
Serpent faux corail
26%
Python malais
20%
Python tapis
20%
Tricot rayé
17%
Serpent nez de cochon
13%
Vipère à cils
11%
serpent laitier
9%
Serpent roi noir du Mexique
9%
vipère velue
7%
serpent à feuille
4%
Serpent des rats japonais
4%
Serpent Jarretière
4%
Serpent à tentacules
0%
Aucun quiz correspondant
Distribution des résultats
% des personnes avec chaque résultat
Percentile par nombre de réponses
Votre historique - résultats
Vous n’avez pas pris ce quiz